Szél Pál a "Király Kőnig Péter" Zeneiskola tanára, életének 65. évében elhunyt

Elmentve itt :
Bibliográfiai részletek
Dokumentumtípus: Cikk
Megjelent: 1992-12-11
Sorozat:Délmagyarország 82 No. 291
Kulcsszavak:Szél Pál
Online Access:http://dmarchiv.bibl.u-szeged.hu/100228
LEADER 00456nab a2200145 i 4500
001 delm100228
005 20191001090123.0
008 191001s1992 hu o 0|| hun d
040 |a SZTE Délmagyarország Archívum  |b hun 
041 |a hun 
245 0 0 |a Szél Pál a "Király Kőnig Péter" Zeneiskola tanára, életének 65. évében elhunyt  |h [elektronikus dokumentum] 
260 |c 1992-12-11 
300 |a 14 
490 0 |a Délmagyarország  |v 82 No. 291 
695 |a Szél Pál